000 00454nam a22001697a 4500
003 OSt
005 20260223102640.0
008 250104b |||||||| |||| 00| 0 eng d
020 _a9780443105135
040 _aSRHU
_bEnglish
_cSRHU
082 _223rd
_a618.928
245 _aVolpe Neurology of The Newborn
_c Joseph , J. Volpe.
250 _a7th
260 _aPhildelphia
_bElsevier
_c2025
300 _axiv,1410p
_c27cm
942 _2ddc
_cNEO-NATAL
_e7th
999 _c19291
_d19291